[Event "Paris-ch int"]
[Site "Paris"]
[Date "2007.07.14"]
[Round "8"]
[White "Lupu, Mircea Sergiu"]
[Black "Salaun, Yann"]
[Result "1/2-1/2"]
[WhiteElo "2450"]
[BlackElo "2328"]
[PlyCount "93"]
[EventDate "2007.07.07"]
[EventType "swiss"]
[EventRounds "9"]
[EventCountry "FRA"]
[SourceTitle "CBM 119 Extra"]
[Source "ChessBase"]
[SourceDate "2007.09.04"]
[SourceVersion "1"]
[SourceVersionDate "2007.09.04"]
[SourceQuality "1"]

1. d4 Nf6 2. c4 e6 3. Nc3 Bb4 4. Qc2 Nc6 5. Nf3 d6 6. a3 Bxc3+ 7. Qxc3 Ne4 8. Qc2 f5 9. b4 Ne7 10. e3 Ng8 11. Bd3 Ngf6 12. 0-0 0-0 13. Ne1 Ng5 14. f3 Nf7 15. Bb2 Qe7 16. Rd1 Nh6 17. Qd2 b6 18. Nc2 Bb7 19. Rde1 Rad8 20. e4 fxe4 21. fxe4 Nfg4 22. g3 e5 23. d5 Nf7 24. Bc1 Bc8 25. h3 Nf6 26. Qg2 h6 27. Ne3 g6 28. h4 h5 29. Rf3 Kg7 30. Ref1 Nh6 31. Nc2 Rf7 32. Bg5 Nhg8 33. Ne3 Rdf8 34. R3f2 Qd7 35. Bc2 Nh7 36. Rxf7+ Rxf7 37. Rxf7+ Qxf7 38. Qd2 Ngf6 39. Bh6+ Kg8 40. c5 Ng4 41. Nxg4 Bxg4 42. Qf2 Qf3 43. Qxf3 Bxf3 44. Kf2 Bh1 45. Kg1 Bf3 46. Kf2 Bh1 47. Ke3 1/2-1/2

[Event "Paris-ch int"]
[Site "Paris"]
[Date "2007.07.13"]
[Round "7"]
[White "Lupu, Mircea Sergiu"]
[Black "Delorme, Axel"]
[Result "1/2-1/2"]
[WhiteElo "2450"]
[BlackElo "2317"]
[PlyCount "63"]
[EventDate "2007.07.07"]
[EventType "swiss"]
[EventRounds "9"]
[EventCountry "FRA"]
[SourceTitle "CBM 119 Extra"]
[Source "ChessBase"]
[SourceDate "2007.09.04"]
[SourceVersion "1"]
[SourceVersionDate "2007.09.04"]
[SourceQuality "1"]

1. d4 d5 2. c4 c6 3. Nc3 Nf6 4. Nf3 a6 5. e3 b5 6. c5 g6 7. Bd2 Bg7 8. b4 Ne4 9. a4 Nxd2 10. Qxd2 Bb7 11. Be2 0-0 12. 0-0 Nd7 13. Ra3 Qc7 14. Rfa1 e5 15. axb5 axb5 16. Bxb5 Rxa3 17. Rxa3 cxb5 18. Nxb5 Qb8 19. Nd6 exd4 20. exd4 Nb6 21. b5 Nc4 22. Nxc4 dxc4 23. c6 Ba8 24. Qa2 Qxb5 25. Rxa8 Qxc6 26. Ra5 Qb6 27. Rc5 Bxd4 28. Rxc4 Qb2 29. Qxb2 Bxb2 30. h4 h5 31. g3 Bf6 32. Kg2 1/2-1/2

[Event "Aiaccio Masters op"]
[Site "Ajaccio"]
[Date "2006.10.30"]
[Round "5"]
[White "Lupu, Mircea Sergiu"]
[Black "Sasikiran, Krishnan"]
[Result "1/2-1/2"]
[WhiteElo "2450"]
[BlackElo "2675"]
[PlyCount "81"]
[EventDate "2006.10.30"]
[EventType "swiss"]
[EventRounds "9"]
[EventCountry "FRA"]
[SourceTitle "EXT 2007"]
[Source "ChessBase"]
[SourceDate "2006.11.23"]
[SourceVersion "1"]
[SourceVersionDate "2006.11.23"]
[SourceQuality "1"]
[WhiteTeam "Russia"]
[BlackTeam "Belarus"]
[WhiteTeamCountry "RUS"]
[BlackTeamCountry "BLR"]

1. d4 Nf6 2. Nf3 g6 3. g3 Bg7 4. Bg2 0-0 5. 0-0 c6 6. Re1 d5 7. Nbd2 a5 8. e4 dxe4 9. Nxe4 Nxe4 10. Rxe4 Bf5 11. Re1 Nd7 12. Bg5 Nf6 13. c3 a4 14. Nh4 Bg4 15. Qd2 Ra5 16. Bh6 Qd6 17. Bxg7 Kxg7 18. Nf3 Bxf3 19. Bxf3 Rd8 20. b4 axb3 21. axb3 Rxa1 22. Rxa1 e5 23. Rd1 Qe6 24. Qc2 exd4 25. Rxd4 Ra8 26. Rd1 Ra3 27. Rb1 Qe5 28. Qb2 Ra8 29. Rd1 Re8 30. Qd2 Re7 31. Qc2 Qe6 32. Kg2 Qe5 33. Rd2 Rd7 34. Rxd7 Nxd7 35. b4 Nb6 36. Qd3 Na4 37. Qd7 Qb5 38. Qd4+ Kg8 39. Qd8+ Kg7 40. Qd4+ Kg8 41. Qd1 1/2-1/2

[Event "Paris NAO Masters 2nd"]
[Site "Paris"]
[Date "2002.05.20"]
[Round "8"]
[White "Marchand, Francois"]
[Black "Lupu, Mircea Sergiu"]
[Result "1-0"]
[WhiteElo "2259"]
[BlackElo "2470"]
[PlyCount "61"]
[EventDate "2002.05.13"]
[EventType "tourn"]
[EventRounds "9"]
[EventCountry "FRA"]
[EventCategory "5"]
[SourceTitle "CBM 088 Extra"]
[Source "ChessBase"]
[SourceDate "2002.07.01"]
[SourceVersion "2"]
[SourceVersionDate "2002.07.01"]
[SourceQuality "1"]

1. d4 d5 2. c4 dxc4 3. Nf3 Nf6 4. e3 a6 5. a4 e6 6. Bxc4 c5 7. 0-0 Nc6 8. Qe2 cxd4 9. Rd1 Be7 10. exd4 0-0 11. Nc3 Nb4 12. Bg5 Bd7 13. d5 exd5 14. Nxd5 Nfxd5 15. Bxe7 Nxe7 16. Ne5 Ned5 17. Bxd5 Qe8 18. Bxb7 Bxa4 19. Bxa8 Bxd1 20. Rxd1 Qxa8 21. Qc4 a5 22. Rd7 Qe8 23. f4 g5 24. g3 h6 25. Ng4 Qe1+ 26. Kg2 Qb1 27. Nxh6+ Kg7 28. Nxf7 Qxb2+ 29. Kh3 g4+ 30. Kxg4 Rg8 31. Ng5+ 1-0

[Event "Paris NAO Masters 2nd"]
[Site "Paris"]
[Date "2002.05.15"]
[Round "3"]
[White "Lupu, Mircea Sergiu"]
[Black "Serafimov, Tervel"]
[Result "1-0"]
[WhiteElo "2470"]
[BlackElo "2284"]
[PlyCount "107"]
[EventDate "2002.05.13"]
[EventType "tourn"]
[EventRounds "9"]
[EventCountry "FRA"]
[EventCategory "5"]
[SourceTitle "CBM 088 Extra"]
[Source "ChessBase"]
[SourceDate "2002.07.01"]
[SourceVersion "2"]
[SourceVersionDate "2002.07.01"]
[SourceQuality "1"]

1. Nf3 d5 2. g3 Nf6 3. Bg2 c6 4. 0-0 Bf5 5. d3 h6 6. Nfd2 e5 7. e4 dxe4 8. dxe4 Bg4 9. Bf3 Bh3 10. Re1 Bc5 11. Nc4 Qxd1 12. Rxd1 Ng4 13. Rd2 Nd7 14. Nd6+ Bxd6 15. Rxd6 0-0-0 16. Be2 Kc7 17. Rd3 f5 18. Nc3 Ngf6 19. exf5 Bxf5 20. Rd2 a5 21. f3 Nc5 22. Nd1 Nd5 23. c4 Nb4 24. Ne3 Bh7 25. b3 Kb6 26. Kf1 Rd4 27. Rd1 Rhd8 28. Bb2 Rxd1+ 29. Bxd1 Nbd3 30. Bc3 g5 31. a3 e4 32. b4 axb4 33. axb4 Na6 34. c5+ Kc7 35. Nc2 exf3 36. Bxf3 g4 37. Bxg4 Rf8+ 38. Kg1 Rf2 39. Ne1 Rf7 40. Nxd3 Bxd3 41. Rd1 Bf5 42. Be5+ Kc8 43. Rf1 Bxg4 44. Rxf7 Nxb4 45. Rc7+ Kd8 46. Rxb7 Nd3 47. Bd6 Bf3 48. Kf1 h5 49. Rb3 Be4 50. Rb8+ Kd7 51. Ke2 Ke6 52. Rh8 Nc1+ 53. Kd2 Nb3+ 54. Kc3 1-0

[Event "Paris-ch op"]
[Site "Paris"]
[Date "2001.07.27"]
[Round "7"]
[White "Lupu, Mircea Sergiu"]
[Black "Khenkin, Igor"]
[Result "1-0"]
[WhiteElo "2454"]
[BlackElo "2579"]
[PlyCount "109"]
[EventDate "2001.07.21"]
[EventType "swiss"]
[EventRounds "9"]
[EventCountry "FRA"]
[SourceTitle "CBM 083 Extra"]
[Source "ChessBase"]
[SourceDate "2001.09.11"]
[SourceVersion "1"]
[SourceVersionDate "2001.09.11"]
[SourceQuality "1"]

1. e4 c6 2. d4 d5 3. Nc3 dxe4 4. Nxe4 Bf5 5. Ng3 Bg6 6. h4 h6 7. Nf3 Nd7 8. h5 Bh7 9. Bd3 Bxd3 10. Qxd3 e6 11. Bf4 Bb4+ 12. Bd2 Bxd2+ 13. Qxd2 Ngf6 14. 0-0-0 Qc7 15. Rh4 0-0 16. Ne2 Rfe8 17. g4 Ne4 18. Qe3 Nd6 19. Rh3 Qa5 20. Kb1 e5 21. Qc3 Qd5 22. Nxe5 Nxe5 23. Nf4 Qe4 24. dxe5 Nc4 25. Nd3 Qxg4 26. Rdh1 Qe6 27. Rg3 Kh8 28. Rhg1 b5 29. Rxg7 Rg8 30. Rxg8+ Rxg8 31. Re1 Kh7 32. b3 Nb6 33. Nc5 Qf5 34. Ne4 Nd5 35. Qxc6 Rd8 36. Nf6+ Nxf6 37. Qxf6 Qxf6 38. exf6 Rd6 39. Re5 Rxf6 40. Rxb5 Rxf2 41. Ra5 Kg7 42. Rxa7 Rf5 43. a4 Rxh5 44. b4 Rg5 45. b5 Rg4 46. c3 Rg1+ 47. Kb2 Rg2+ 48. Ka3 Rg1 49. b6 Rb1 50. b7 h5 51. Ka2 Rb6 52. a5 Rb5 53. a6 h4 54. Ra8 h3 55. b8Q 1-0

[Event "Paris-ch op"]
[Site "Paris"]
[Date "2001.07.26"]
[Round "6"]
[White "Shneider, Aleksandr"]
[Black "Lupu, Mircea Sergiu"]
[Result "1/2-1/2"]
[WhiteElo "2493"]
[BlackElo "2454"]
[PlyCount "49"]
[EventDate "2001.07.21"]
[EventType "swiss"]
[EventRounds "9"]
[EventCountry "FRA"]
[SourceTitle "CBM 083 Extra"]
[Source "ChessBase"]
[SourceDate "2001.09.11"]
[SourceVersion "1"]
[SourceVersionDate "2001.09.11"]
[SourceQuality "1"]

1. d4 d6 2. Nf3 Nf6 3. c4 g6 4. Nc3 Bg7 5. e4 Bg4 6. Be2 Nc6 7. d5 Bxf3 8. gxf3 Ne5 9. f4 Ned7 10. Be3 c5 11. 0-0 0-0 12. Kh1 Ne8 13. Qd2 e6 14. Rad1 exd5 15. Nxd5 Nb6 16. b3 Qh4 17. Nc3 Nc7 18. f3 Ne6 19. f5 Nd4 20. Nb5 Nxb5 21. cxb5 Rfe8 22. Rg1 d5 23. Bg5 Qf2 24. Be3 Qh4 25. Bxc5 1/2-1/2

[Event "Paris-ch op"]
[Site "Paris"]
[Date "2001.07.22"]
[Round "2"]
[White "Lupu, Mircea Sergiu"]
[Black "Lepan, Marvin"]
[Result "1-0"]
[WhiteElo "2454"]
[BlackElo "2184"]
[PlyCount "81"]
[EventDate "2001.07.21"]
[EventType "swiss"]
[EventRounds "9"]
[EventCountry "FRA"]
[SourceTitle "CBM 083 Extra"]
[Source "ChessBase"]
[SourceDate "2001.09.11"]
[SourceVersion "1"]
[SourceVersionDate "2001.09.11"]
[SourceQuality "1"]

1. e4 c5 2. Nf3 d6 3. Bc4 Nf6 4. d3 e6 5. Bb3 Be7 6. 0-0 0-0 7. c3 b5 8. Re1 Bb7 9. Nbd2 Nbd7 10. Qe2 a6 11. h3 Rc8 12. Bc2 Qc7 13. Nf1 Ne5 14. N3h2 Ng6 15. f4 h5 16. Nf3 h4 17. Ng5 Rfe8 18. Be3 Nd7 19. Nf3 d5 20. e5 d4 21. Bd2 Nb6 22. c4 Nd7 23. N1h2 f5 24. Bb3 b4 25. Ba4 Rf8 26. Rf1 Nb6 27. Bd1 Kf7 28. Qf2 Rh8 29. Ne1 Bc6 30. Bf3 Be8 31. a3 a5 32. axb4 axb4 33. Ra6 Bc6 34. Bxc6 Qxc6 35. Qf3 Qc7 36. Nc2 Rb8 37. Rfa1 Rb7 38. R1a5 Rhb8 39. Na1 Rh8 40. Nb3 Nf8 41. Nxc5 1-0

[Event "FRA-ch Accession"]
[Site "Marseille"]
[Date "2001.??.??"]
[Round "7"]
[White "Santo Roman, Marc"]
[Black "Lupu, Mircea Sergiu"]
[Result "1-0"]
[WhiteElo "2416"]
[BlackElo "2458"]
[PlyCount "95"]
[EventDate "2001.??.??"]
[EventType "swiss"]
[EventRounds "9"]
[EventCountry "FRA"]
[SourceTitle "EXT 2002"]
[Source "ChessBase"]
[SourceDate "2001.11.25"]
[SourceVersion "1"]
[SourceVersionDate "2001.11.25"]
[SourceQuality "1"]

1. e4 d6 2. d4 Nf6 3. Nc3 g6 4. Bg5 Bg7 5. Qd2 h6 6. Bh4 g5 7. Bg3 Nh5 8. 0-0-0 Nc6 9. Bb5 Bd7 10. Nge2 e6 11. Kb1 Qe7 12. Rhf1 a6 13. Bxc6 Bxc6 14. f4 0-0-0 15. Bf2 d5 16. e5 f5 17. exf6 Bxf6 18. Be3 g4 19. Nc1 Ng7 20. Nd3 h5 21. Ne5 Be8 22. Rde1 Nf5 23. Bg1 Rg8 24. g3 Rd6 25. a3 Rb6 26. Ka2 Qd6 27. Rf2 Be7 28. Rfe2 Bc6 29. Nd1 Rxb2+ 30. Nxb2 Qxa3+ 31. Kb1 Bb4 32. Qc1 Bxe1 33. Rxe1 Bb5 34. Nbd3 Qa5 35. Qb2 h4 36. Bf2 hxg3 37. hxg3 Nd6 38. Rh1 Bxd3 39. Nxd3 Qd2 40. Qb4 Qe2 41. Qe1 Qxe1+ 42. Bxe1 b6 43. Bf2 Ne4 44. Rh6 a5 45. Kb2 Kd7 46. Ne5+ Ke7 47. Rh7+ Kf8 48. Rf7+ 1-0

[Event "FRA-ch Accession"]
[Site "Marseille"]
[Date "2001.??.??"]
[Round "1"]
[White "Wolrich, Charles"]
[Black "Lupu, Mircea Sergiu"]
[Result "0-1"]
[WhiteElo "2223"]
[BlackElo "2458"]
[PlyCount "86"]
[EventDate "2001.??.??"]
[EventType "swiss"]
[EventRounds "9"]
[EventCountry "FRA"]
[SourceTitle "EXT 2002"]
[Source "ChessBase"]
[SourceDate "2001.11.25"]
[SourceVersion "1"]
[SourceVersionDate "2001.11.25"]
[SourceQuality "1"]

1. d4 d6 2. c4 e5 3. dxe5 dxe5 4. Qxd8+ Kxd8 5. Bd2 Be6 6. e3 Nd7 7. Bc3 Ne7 8. Nd2 Nc6 9. 0-0-0 Ke8 10. Bd3 Nc5 11. Bc2 Rd8 12. f4 Nd3+ 13. Bxd3 Rxd3 14. Ngf3 exf4 15. exf4 f6 16. Rhe1 Kf7 17. a3 Bc5 18. Ne4 Be3+ 19. Bd2 Bxd2+ 20. Rxd2 Bxc4 21. Rxd3 Bxd3 22. Nc5 Bc4 23. b3 Bd5 24. Rd1 Ne7 25. Rd3 b6 26. Na4 c5 27. Nc3 Bc6 28. g4 h5 29. g5 Nf5 30. Nd2 Re8 31. Nc4 Re1+ 32. Kd2 Rh1 33. Nd6+ Nxd6 34. Rxd6 Rxh2+ 35. Kd3 Rh3+ 36. Kc4 Bg2 37. Nd1 Bf1+ 38. Kd5 Rd3+ 39. Kc6 Bg2+ 40. Kd7 Rxd6+ 41. Kxd6 h4 42. Ne3 h3 43. Ng4 Kg6 0-1

[Event "Corsica Masters 4th"]
[Site "Bastia"]
[Date "2000.11.05"]
[Round "2.3"]
[White "Drazic, Sinisa"]
[Black "Lupu, Mircea Sergiu"]
[Result "1-0"]
[WhiteElo "2508"]
[BlackElo "2443"]
[PlyCount "92"]
[EventDate "2000.11.05"]
[EventType "k.o. (rapid)"]
[EventRounds "3"]
[EventCountry "FRA"]
[SourceTitle "EXT 2001"]
[Source "ChessBase"]
[SourceDate "2000.11.22"]
[SourceVersion "1"]
[SourceVersionDate "2000.11.22"]
[SourceQuality "1"]

1. d4 g6 2. e4 Bg7 3. Nc3 d6 4. Be2 Nf6 5. h4 h5 6. Nf3 0-0 7. Ng5 c6 8. a4 Nbd7 9. Be3 e5 10. d5 cxd5 11. exd5 b6 12. 0-0 Bb7 13. f3 Rc8 14. Qd2 Rxc3 15. bxc3 Nxd5 16. Bf2 Qc7 17. Ra3 Rc8 18. c4 Nf4 19. Bd3 Nc5 20. Rd1 Qe7 21. Bf1 Bf8 22. a5 f6 23. Bxc5 bxc5 24. Ne4 Bxe4 25. fxe4 Qe6 26. g3 Qg4 27. Rb1 Ne6 28. Be2 Qh3 29. Bf1 Qg4 30. Qe2 Nd4 31. Qxg4 hxg4 32. Bd3 Bh6 33. Kf2 Bd2 34. c3 Nc6 35. Ke2 Bh6 36. a6 Rf8 37. Rb7 f5 38. Rc7 Nd8 39. Rxa7 f4 40. Ra1 fxg3 41. Rc7 Ne6 42. Re7 Nf4+ 43. Kf1 Nd5+ 44. Kg2 Nxe7 45. a7 Kg7 46. Ra6 Kf6 1-0

[Event "Corsica Masters 4th"]
[Site "Bastia"]
[Date "2000.11.05"]
[Round "1.1"]
[White "Lupu, Mircea Sergiu"]
[Black "Onischuk, Alexander"]
[Result "1-0"]
[WhiteElo "2443"]
[BlackElo "2627"]
[PlyCount "69"]
[EventDate "2000.11.05"]
[EventType "k.o. (rapid)"]
[EventRounds "3"]
[EventCountry "FRA"]
[SourceTitle "EXT 2001"]
[Source "ChessBase"]
[SourceDate "2000.11.22"]
[SourceVersion "1"]
[SourceVersionDate "2000.11.22"]
[SourceQuality "1"]

1. Nf3 f5 2. g3 Nf6 3. Bg2 d6 4. d4 g6 5. c3 Bg7 6. Qb3 Nc6 7. Bg5 e6 8. 0-0 h6 9. Bxf6 Qxf6 10. Nbd2 0-0 11. e4 Kh7 12. Rfe1 e5 13. exf5 gxf5 14. d5 Ne7 15. Nh4 c6 16. Rad1 cxd5 17. Bxd5 Nxd5 18. Qxd5 Rd8 19. Ndf3 Be6 20. Qxb7 Rab8 21. Qxa7 Rxb2 22. a4 Ra2 23. a5 Bb3 24. Rb1 Bd5 25. Qc7 Ra8 26. Rb6 R2xa5 27. Rxd6 Be6 28. Qc6 R8a6 29. Qxa6 Rxa6 30. Rxa6 Qe7 31. Nxe5 Bc8 32. Rc6 Bb7 33. Nxf5 Qd8 34. Rd6 Qg5 35. Nxg7 1-0

[Event "Corsica Masters 4th"]
[Site "Bastia"]
[Date "2000.11.05"]
[Round "1.3"]
[White "Lupu, Mircea Sergiu"]
[Black "Onischuk, Alexander"]
[Result "1-0"]
[WhiteElo "2443"]
[BlackElo "2627"]
[PlyCount "121"]
[EventDate "2000.11.05"]
[EventType "k.o. (rapid)"]
[EventRounds "3"]
[EventCountry "FRA"]
[SourceTitle "EXT 2001"]
[Source "ChessBase"]
[SourceDate "2000.11.22"]
[SourceVersion "1"]
[SourceVersionDate "2000.11.22"]
[SourceQuality "1"]

1. c4 e6 2. e3 Nf6 3. Nf3 d5 4. d4 Be7 5. Be2 0-0 6. 0-0 dxc4 7. Bxc4 c5 8. a3 b6 9. dxc5 Qxd1 10. Rxd1 Bxc5 11. b4 Be7 12. Bb2 Bb7 13. Ne5 Nc6 14. Nd2 Nxe5 15. Bxe5 Rac8 16. Bb3 Rfd8 17. Nf3 Bd5 18. Bxd5 Nxd5 19. Rac1 f6 20. Bb2 Rxc1 21. Rxc1 e5 22. Kf1 Rd7 23. Ke2 Rc7 24. Rxc7 Nxc7 25. Kd3 Kf7 26. Nd2 Ke6 27. Kc4 b5+ 28. Kd3 Nd5 29. g3 h5 30. f4 exf4 31. gxf4 g6 32. Nf3 a6 33. Bd4 Bd8 34. Bc5 g5 35. Nd4+ Kd7 36. Ke4 Nc3+ 37. Kf5 gxf4 38. exf4 Nb1 39. Kg6 Nxa3 40. Kxh5 Nc4 41. Kg6 a5 42. bxa5 Bxa5 43. h4 Bd2 44. Ne2 b4 45. h5 b3 46. h6 b2 47. h7 b1Q+ 48. Kg7 Qxh7+ 49. Kxh7 Be3 50. Bb4 Bd2 51. Bf8 Ke6 52. Kg6 f5 53. Bg7 Nd6 54. Bh6 Ne4 55. Nd4+ Kd5 56. Nxf5 Nd6 57. Ng3 Ne4 58. Nh5 Bc3 59. f5 Nd6 60. Nf4+ Ke4 61. Ne6 1-0

[Event "Corsica Masters 4th"]
[Site "Bastia"]
[Date "2000.11.05"]
[Round "1.2"]
[White "Onischuk, Alexander"]
[Black "Lupu, Mircea Sergiu"]
[Result "1-0"]
[WhiteElo "2627"]
[BlackElo "2443"]
[PlyCount "89"]
[EventDate "2000.11.05"]
[EventType "k.o. (rapid)"]
[EventRounds "3"]
[EventCountry "FRA"]
[SourceTitle "EXT 2001"]
[Source "ChessBase"]
[SourceDate "2000.11.22"]
[SourceVersion "1"]
[SourceVersionDate "2000.11.22"]
[SourceQuality "1"]

1. c4 g6 2. Nf3 Bg7 3. d4 d6 4. Nc3 Bg4 5. e3 c6 6. Be2 Nf6 7. h3 Bc8 8. e4 0-0 9. Be3 Nbd7 10. 0-0 e5 11. d5 c5 12. Nd2 Kh8 13. a3 Ng8 14. Qc2 Bh6 15. Nd1 a6 16. b4 Bxe3 17. Nxe3 Qg5 18. Qc3 Ngf6 19. g3 Kg8 20. h4 Qh6 21. Kg2 b6 22. Rab1 Ra7 23. Rh1 Nh5 24. Bxh5 Qxh5 25. g4 Qh6 26. g5 Qg7 27. Ng4 f5 28. Nh6+ Kh8 29. Rhe1 Nf6 30. bxc5 bxc5 31. Rb6 Ng4 32. Rxd6 Nxh6 33. gxh6 Qxh6 34. Qxe5+ Rg7 35. Nf3 Qh5 36. Qf4 Kg8 37. e5 h6 38. e6 g5 39. hxg5 hxg5 40. Qh2 Qg4+ 41. Qg3 Qxc4 42. e7 Re8 43. Rd8 Qa4 44. Rxe8+ Qxe8 45. Qc7 1-0

[Event "FRA-ch Accession"]
[Site "Vichy"]
[Date "2000.08.26"]
[Round "9"]
[White "Chabanon, Jean Luc"]
[Black "Lupu, Mircea Sergiu"]
[Result "1-0"]
[WhiteElo "2428"]
[BlackElo "2443"]
[PlyCount "61"]
[EventDate "2000.08.16"]
[EventType "swiss"]
[EventRounds "11"]
[EventCountry "FRA"]
[SourceTitle "EXT 2001"]
[Source "ChessBase"]
[SourceDate "2000.11.22"]
[SourceVersion "1"]
[SourceVersionDate "2000.11.22"]
[SourceQuality "1"]

1. d4 g6 2. c4 Nf6 3. Nc3 Bg7 4. e4 d6 5. f4 0-0 6. Nf3 Bg4 7. Be2 c6 8. e5 Nfd7 9. h3 Bxf3 10. Bxf3 Qb6 11. 0-0 dxe5 12. c5 Qd8 13. fxe5 Na6 14. Qb3 Rb8 15. Bg5 Nc7 16. Rad1 Kh8 17. Ne2 h6 18. Bh4 g5 19. Bg3 e6 20. Be4 Qe7 21. Bb1 Rfd8 22. Nc3 Nf8 23. Ne4 Nd5 24. Nd6 f5 25. exf6 Bxf6 26. Rxf6 Nxf6 27. Rf1 N8d7 28. Nc4 Nd5 29. Ne5 Nxe5 30. Bxe5+ Kg8 31. Qc2 1-0

[Event "FRA-ch Accession"]
[Site "Vichy"]
[Date "2000.08.23"]
[Round "7"]
[White "Lupu, Mircea Sergiu"]
[Black "Belkhodja, Slim"]
[Result "1/2-1/2"]
[WhiteElo "2443"]
[BlackElo "2440"]
[PlyCount "68"]
[EventDate "2000.08.16"]
[EventType "swiss"]
[EventRounds "11"]
[EventCountry "FRA"]
[SourceTitle "EXT 2001"]
[Source "ChessBase"]
[SourceDate "2000.11.22"]
[SourceVersion "1"]
[SourceVersionDate "2000.11.22"]
[SourceQuality "1"]

1. e4 c5 2. Nc3 Nc6 3. Nge2 e6 4. d4 cxd4 5. Nxd4 d6 6. f4 Nf6 7. Nf3 Be7 8. Bd3 0-0 9. 0-0 b6 10. Kh1 Bb7 11. Be3 Nb4 12. Bd4 Nxd3 13. cxd3 Nd7 14. Qe2 Rc8 15. Rad1 Nb8 16. Qe1 Nc6 17. Bf2 Qd7 18. Bh4 f5 19. Bxe7 Qxe7 20. Qe3 Rfe8 21. a3 Qd7 22. Rfe1 e5 23. fxe5 Nxe5 24. Nxe5 dxe5 25. exf5 Qxf5 26. Ne4 Qg6 27. Rf1 h6 28. Kg1 Rf8 29. Rxf8+ Rxf8 30. Rf1 Rd8 31. Rf3 Bxe4 32. dxe4 Rd4 33. Qb3+ Kh7 34. Rf8 Qxe4 1/2-1/2

[Event "Paris-ch op"]
[Site "Paris"]
[Date "2000.07.21"]
[Round "7"]
[White "Lanka, Zigurds"]
[Black "Lupu, Mircea Sergiu"]
[Result "1-0"]
[WhiteElo "2504"]
[BlackElo "2443"]
[PlyCount "83"]
[EventDate "2000.07.15"]
[EventType "swiss"]
[EventRounds "9"]
[EventCountry "FRA"]
[SourceTitle "EXT 2001"]
[Source "ChessBase"]
[SourceDate "2000.11.22"]
[SourceVersion "1"]
[SourceVersionDate "2000.11.22"]
[SourceQuality "1"]

1. e4 c6 2. d4 d5 3. exd5 cxd5 4. c4 Nf6 5. Nc3 e6 6. Nf3 Be7 7. cxd5 exd5 8. Bd3 0-0 9. h3 Nc6 10. 0-0 Be6 11. Bf4 Nh5 12. Bd2 g6 13. Bh6 Re8 14. Re1 Bd6 15. Bb5 a6 16. Ba4 Bc7 17. Rc1 Qd6 18. Re3 Rac8 19. Ne2 b5 20. Bc2 Bb6 21. Bb1 Na5 22. b3 Qa3 23. Rec3 Rxc3 24. Rxc3 Nf6 25. Ng3 Qd6 26. Bg5 Bd7 27. Ne5 Rxe5 28. dxe5 Qxe5 29. Bxf6 Qxf6 30. Rf3 Qg5 31. Rd3 Be6 32. Qd2 Qe5 33. Qc3 d4 34. Qc1 h5 35. Rd1 Bc7 36. Re1 Qd6 37. Qh6 Qf4 38. Qxf4 Bxf4 39. Be4 Bd2 40. Rd1 Bc3 41. Ne2 Nxb3 42. axb3 1-0

[Event "Paris-ch op"]
[Site "Paris"]
[Date "2000.07.16"]
[Round "2"]
[White "Lupu, Mircea Sergiu"]
[Black "Antonini, David"]
[Result "1-0"]
[WhiteElo "2443"]
[BlackElo "2187"]
[PlyCount "61"]
[EventDate "2000.07.15"]
[EventType "swiss"]
[EventRounds "9"]
[EventCountry "FRA"]
[SourceTitle "EXT 2001"]
[Source "ChessBase"]
[SourceDate "2000.11.22"]
[SourceVersion "1"]
[SourceVersionDate "2000.11.22"]
[SourceQuality "1"]

1. e4 Nf6 2. e5 Nd5 3. d4 d6 4. c4 Nb6 5. exd6 cxd6 6. Nc3 g6 7. Bd3 Nc6 8. Nge2 Bg7 9. d5 Ne5 10. b3 e6 11. 0-0 exd5 12. cxd5 0-0 13. Bc2 Re8 14. Bf4 Bg4 15. f3 Bf5 16. Bxf5 gxf5 17. Qd2 Ng6 18. Be3 Qf6 19. Bd4 Ne5 20. Rad1 Bh6 21. f4 Qg6 22. Qe1 Ned7 23. Rf3 Kf8 24. Rg3 Qh5 25. Rh3 Qg6 26. Qh4 Bg7 27. Rg3 Bxd4+ 28. Nxd4 Qf6 29. Qxh7 Ke7 30. Qxf5 Rac8 31. Ne4 1-0

[Event "FRA-ch qual"]
[Site "Bescanon"]
[Date "1999.08.23"]
[Round "6"]
[White "Lupu, Mircea Sergiu"]
[Black "Heinis, Vincent"]
[Result "1-0"]
[WhiteElo "2489"]
[BlackElo "2245"]
[PlyCount "49"]
[EventDate "1999.08.18"]
[EventType "swiss"]
[EventRounds "11"]
[EventCountry "FRA"]
[SourceTitle "EXT 2000"]
[Source "ChessBase"]
[SourceDate "1999.11.16"]
[SourceVersion "1"]
[SourceVersionDate "1999.11.16"]
[SourceQuality "1"]

1. e4 c6 2. d4 d5 3. Nc3 dxe4 4. Nxe4 Nf6 5. Nxf6+ exf6 6. Nf3 Bd6 7. Be2 0-0 8. 0-0 Re8 9. Re1 Nd7 10. c4 f5 11. Bg5 Nf6 12. Qb3 b6 13. c5 bxc5 14. Bc4 Rxe1+ 15. Rxe1 Rb8 16. Bxf6 gxf6 17. Qc3 cxd4 18. Qxd4 c5 19. Qh4 Bb7 20. Bxf7+ Kxf7 21. Qxh7+ Kf8 22. Nh4 Be4 23. f3 Qa5 24. Rd1 Qa4 25. Rxd6 1-0

[Event "FRA-ch qual"]
[Site "Bescanon"]
[Date "1999.08.22"]
[Round "5"]
[White "Vallet, Marc"]
[Black "Lupu, Mircea Sergiu"]
[Result "0-1"]
[WhiteElo "2233"]
[BlackElo "2489"]
[PlyCount "43"]
[EventDate "1999.08.18"]
[EventType "swiss"]
[EventRounds "11"]
[EventCountry "FRA"]
[SourceTitle "EXT 2000"]
[Source "ChessBase"]
[SourceDate "1999.11.16"]
[SourceVersion "1"]
[SourceVersionDate "1999.11.16"]
[SourceQuality "1"]

1. e4 c5 2. Nf3 Nc6 3. Bb5 Na5 4. c3 a6 5. Ba4 b5 6. Bc2 Bb7 7. d4 cxd4 8. Nxd4 e6 9. 0-0 Rc8 10. f4 Nf6 11. Nd2 Nc4 12. Nxc4 bxc4 13. e5 Nd5 14. f5 Qh4 15. Qf3 Bc5 16. fxe6 fxe6 17. Qf7+ Kd8 18. Ba4 Nb6 19. Be3 Qg4 20. Rf2 Nxa4 21. Rd2 Bd5 22. b3 0-1

[Event "Montpellier op-A"]
[Site "Montpellier"]
[Date "1999.??.??"]
[Round "5"]
[White "Degraeve, Jean Marc"]
[Black "Lupu, Mircea Sergiu"]
[Result "1/2-1/2"]
[WhiteElo "2536"]
[BlackElo "2481"]
[PlyCount "91"]
[EventDate "1999.??.??"]
[EventType "swiss"]
[EventRounds "9"]
[EventCountry "FRA"]
[SourceTitle "EXT 2001"]
[Source "ChessBase"]
[SourceDate "2000.11.22"]
[SourceVersion "1"]
[SourceVersionDate "2000.11.22"]
[SourceQuality "1"]

1. e4 e6 2. d4 d5 3. e5 c5 4. c3 Nc6 5. Nf3 Bd7 6. Be2 Nge7 7. 0-0 Nf5 8. Bd3 cxd4 9. Bxf5 exf5 10. cxd4 Be6 11. Nc3 Be7 12. Ne1 0-0 13. Ne2 Qb6 14. Kh1 Rfc8 15. Rb1 Qa6 16. Nc2 Qxa2 17. Bd2 Qb3 18. Bc3 a5 19. f4 Nb4 20. Ne3 Qxd1 21. Rfxd1 h5 22. g3 Nc6 23. h3 Bb4 24. g4 hxg4 25. hxg4 Ne7 26. Bxb4 axb4 27. Ng3 g6 28. gxf5 Nxf5 29. Ngxf5 Bxf5 30. Nxf5 gxf5 31. Rg1+ Kf8 32. Rg5 Ke7 33. Rxf5 Rc2 34. Rf6 Ra6 35. Rxa6 bxa6 36. Ra1 Rxb2 37. Rxa6 Rd2 38. Rb6 Rxd4 39. f5 Re4 40. Rb7+ Ke8 41. e6 fxe6 42. fxe6 Rxe6 43. Kg2 Rf6 44. Rxb4 Kd7 45. Ra4 Kc7 46. Ra5 1/2-1/2